Dự án cấp nước đô thị Việt Nam: Kế hoạch tái định cư tiểu dự án cấp nước Hải Phòng

में बचाया:
ग्रंथसूची विवरण
निगमित लेखक: Bộ xây dựng
स्वरूप: पुस्तक
भाषा:Undetermined
प्रकाशित: Hà Nội Ngân hàng thế giới 2004
टैग : टैग जोड़ें
कोई टैग नहीं, इस रिकॉर्ड को टैग करने वाले पहले व्यक्ति बनें!
Thư viện lưu trữ: Trung tâm Học liệu Trường Đại học Cần Thơ
LEADER 00579nam a2200169Ia 4500
001 CTU_62731
008 210402s9999 xx 000 0 und d
082 |a 363.7 
082 |b S678hp 
110 |a Bộ xây dựng 
245 0 |a Dự án cấp nước đô thị Việt Nam: 
245 0 |b Kế hoạch tái định cư tiểu dự án cấp nước Hải Phòng 
245 0 |c Bộ xây dựng 
260 |a Hà Nội 
260 |b Ngân hàng thế giới 
260 |c 2004 
980 |a Trung tâm Học liệu Trường Đại học Cần Thơ